Con la mirada fija en el pobre (Record no. 851383)

000 -CABECERA
Campo de control de longitud fija 00551nab a2200157 4500
003 - IDENTIFICADOR DEL NÚMERO DE CONTROL
Campo de control ES-SlBCS
005 - FECHA Y HORA DE LA ÚLTIMA TRANSACCIÓN
Campo de control 20221209090059.0
008 - CÓDIGOS DE INFORMACIÓN DE LONGITUD FIJA
Campo de control de longitud fija 150318s2015 sp ||||| |||| 00| 0 spa d
040 ## - FUENTE DE LA CATALOGACIÓN
Centro catalogador del origen ES-SlBCS
Lengua de catalogación spa
100 1# - PUNTO DE ACCESO PRINCIPAL-NOMBRE DE PERSONA
Nombre de persona Álvarez de los Mozos, Patxi
9 (RLIN) 70697
245 10 - MENCIÓN DE TÍTULO
Título Con la mirada fija en el pobre
Mención de responsabilidad, etc. Patxi Álvarez de los Mozos, SJ
246 11 - VARIANTE DE TÍTULO
Título propio / Titulo en breve Never losing sight of the poor
600 00 - PUNTO DE ACCESO ADICIONAL DE MATERIA-NOMBRE DE PERSONA
Nombre personal Francisco,
Títulos y otras palabras asociadas con el nombre Papa
Subdivisión general Crítica e interpretación
9 (RLIN) 125136
773 0# - ENLACE AL DOCUMENTO FUENTE
Parte(s) relacionada(s) Vol. 103, Nº 1.198, 2015, págs. 219-231
Título Sal Terrae
Número de control del registro relacionado Rev410
Número Internacional Normalizado para Publicaciones Seriadas (ISSN) 1138-1094
942 ## - ENTRADA DE ELEMENTOS AGREGADOS (KOHA)
Fuente de clasificaión o esquema
Koha [por defecto] tipo de item Artículos de revista
Holdings
Suprimido Perdido Fuente de clasificación o esquema Estropeado No para préstamo Localización permanente Localización actual Localización en estantería Fecha adquisición Préstamos totales Fecha última consulta Fecha del precio de reemplazo Tipo de item de Koha
          San Esteban San Esteban Depósito de revistas 18/03/2015   18/03/2015 18/03/2015 Artículos de revista

Bibliotecas Dominicos Provincia Hispania, 2016

Con tecnología Koha